000
00291nam a2200133Ia 4500
100
_a
Rashid/M.H
942
_c
BK
654
_a
spice
245
_a
Spice for circuits and electronics using
260
_b
Prentice -Hall
_c
2002
082
_a
621.381
_b
RAS
300
_a
364
546
_a
ENGLISH
999
_c
26798
_d
26798